MARC

LEADER 00000nam0a2200000 4500
001 40229
005 20231101210614.0
010 |a 5247012496 
035 |a (RuTPU)RU\TPU\book\41253 
090 |a 40229 
100 |a 20020430d1991 km y0rusy50 ca 
101 0 |a rus 
102 |a RU 
105 |a a g 001zy 
200 1 |a Геодезия  |e Справочное пособие  |a Изыскания и проектирование инженерных сооружений  |f В. Д. Большаков, Е. Б. Клюшин, И. Ю. Васютинский  |g Под ред. В. П. Савиных и В. Р. Ященко 
210 |a Москва  |c Недра  |d 1991 
215 |a 237 с.  |c ил. 
320 |a Библиогр.: с. 230-231. 
606 |a Инженерная геодезия  |2 stltpush  |3 (RuTPU)RU\TPU\subj\12569  |9 39332 
610 1 |a геодезия 
610 1 |a инженерные изыскания 
610 1 |a проектирование 
610 1 |a изыскательские работы 
610 1 |a инженерные сооружения 
610 1 |a справочники 
675 |a 528.48(035)  |v 3 
700 1 |a Большаков  |b В. Д.  |g Василий Дмитриевич 
701 1 |a Клюшин  |b Е. Б.  |g Евгений Борисович 
701 1 |a Васютинский  |b И. Ю.  |g Игорь Юрьевич 
702 1 |a Савиных  |b В. П.  |4 340 
702 1 |a Ященко  |b В. Р.  |4 340 
801 1 |a RU  |b 63413507  |c 20020430  |g PSBO 
801 2 |a RU  |b 63413507  |c 20170123  |g PSBO 
942 |c BK